Revolt. She said. Revolt again /

Bibliographic Details
Main Author: Birch, Alice, 1986- (Author)
Corporate Author: Royal Shakespeare Company (sponsoring body.)
Format: Book
Language:English
Published: London : Oberon Books, [2016]
Series:Oberon modern plays.

MARC

Tag First Indicator Second Indicator Subfields
LEADER 00000cam a2200000Ii 4500
001 in00003735813
005 20170926151650.0
008 160613t20162016enkc 000 d eng d
020 |a 1783197633 
020 |a 9781783197637 
035 |a (OCoLC)ocn951645660 
040 |a YDXCP  |e rda  |c YDXCP  |d AZS  |d BWK  |d UtOrBLW 
049 |a TXAM 
090 |a PR6102.I72  |b R48 2016 
100 1 |a Birch, Alice,  |d 1986-  |e author.  |0 http://id.loc.gov/authorities/names/no2011113937 
245 1 0 |a Revolt. She said. Revolt again /  |c Alice Birch. 
264 1 |a London :  |b Oberon Books,  |c [2016] 
264 4 |c ©2016 
300 |a 75 pages :  |b portraits ;  |c 21 cm. 
336 |a text  |b txt  |2 rdacontent 
337 |a unmediated  |b n  |2 rdamedia 
338 |a volume  |b nc  |2 rdacarrier 
490 1 |a Oberon modern plays 
710 2 |a Royal Shakespeare Company,  |e sponsoring body.  |0 http://id.loc.gov/authorities/names/n81119193 
830 0 |a Oberon modern plays.  |0 http://id.loc.gov/authorities/names/no98086139 
945 |b 916278 
947 |a A14850010449 
948 |a cataloged  |b h  |c 2017/1/9  |d c  |e dmitchel  |f 1:10:20 pm 
994 |a 92  |b TXA 
999 f f |s 8a5a50f0-9268-34b3-adc3-6c43b785bfc5  |i ce96f11c-2261-3659-a988-3fb78601a413  |t 0 
952 f f |p normal  |a Texas A&M University  |b College Station  |c Sterling C. Evans Library  |d Evans: Library Stacks  |t 0  |e PR6102.I72 R48 2016  |h Library of Congress classification  |i unmediated -- volume  |m A14850010449 
998 f f |a PR6102.I72 R48 2016  |t 0  |l Evans: Library Stacks